banner koha

UFV-5, novo cultivar de soja para o cerrado do Brasil central (Registro n. 276818)

MARC details
000 -LÍDER
campo de controle de tamanho fixo 01178nac a22003977a 4500
001 - NÚMERO DE CONTROLE
campo de controle BR8305400
003 - IDENTIFICADOR DO NÚMERO DE CONTROLE
campo de controle BR-BrBNA
005 - DATA E HORÁRIO DA ÚLTIMA TRANSAÇÃO
campo de controle 20240105115853.0
008 - CAMPO DE DADOS FIXOS--INFORMAÇÃO GERAL
campo de controle de tamanho fixo 230509b bl.|||m| |||| 00| 0 por d
040 ## - FONTE DA CATALOGAÇÃO
Instituição da catalogação original BR-BrBNA
Idioma da catalogação por
Instituição que transcreveu o registro Biblioteca Nacional de Agricultura
072 ## - CÓDIGO DE CATEGORIA DE ASSUNTO
Código de Categoria de Assunto F30
090 ## - NÚMERO DE CHAMADA LOCAL
Número de chamada 0336 BR8305400
100 1# - ENTRADA PRINCIPAL--NOME PESSOAL
Nome pessoal Sediyama, T.
100 1# - ENTRADA PRINCIPAL--NOME PESSOAL
Nome pessoal Sediyama, C.S.
100 1# - ENTRADA PRINCIPAL--NOME PESSOAL
Nome pessoal Reis, M.S.
100 1# - ENTRADA PRINCIPAL--NOME PESSOAL
Nome pessoal Pereira, M.G.
100 1# - ENTRADA PRINCIPAL--NOME PESSOAL
Nome pessoal Martins, O.
100 1# - ENTRADA PRINCIPAL--NOME PESSOAL
Nome pessoal Dutra, J.H.
100 1# - ENTRADA PRINCIPAL--NOME PESSOAL
Nome pessoal Gomes, J.L.L.
100 1# - ENTRADA PRINCIPAL--NOME PESSOAL
Nome pessoal Bhering, M.C.
100 1# - ENTRADA PRINCIPAL--NOME PESSOAL
Nome pessoal Arantes, N.E.
100 1# - ENTRADA PRINCIPAL--NOME PESSOAL
Nome pessoal Spehar, C.R.
100 1# - ENTRADA PRINCIPAL--NOME PESSOAL
Nome pessoal Oliveira, A.B.
100 1# - ENTRADA PRINCIPAL--NOME PESSOAL
Nome pessoal Resende, P.M.
110 1# - ENTRADA PRINCIPAL--NOME CORPORATIVO
Nome corporativo ou nome da jurisdição Universidade Federal de Vicosa, MG (Brasil). Conselho de Extensao
9 (RLIN) 10969
245 1# - TÍTULO
Título UFV-5, novo cultivar de soja para o cerrado do Brasil central
260 3# - PUBLICAÇÃO, DISTRIBUIÇÃO, ETC.
Local de publicação, distribuição, etc. Vicosa, MG (Brasil):
Data da publicação, distribuição, etc. 1983.
300 ## - DESCRIÇÃO FÍSICA
Extensão 6 p.
490 ## - TÍTULO DA SÉRIE
Título da série Informe Tecnico - Universidade Federal de Vicosa. Conselho de Extensao (Brazil)
Número do volume ou designação sequencial da série no. 31
ISSN - International Standard Serial Number
650 ## - ASSUNTO--TERMO TÓPICO
Cabeçalho tópico ou nome geográfico SOJA
650 ## - ASSUNTO--TERMO TÓPICO
Cabeçalho tópico ou nome geográfico VARIEDADE
650 ## - ASSUNTO--TERMO TÓPICO
Cabeçalho tópico ou nome geográfico REGIAO CENTRO-OESTE
650 ## - ASSUNTO--TERMO TÓPICO
Cabeçalho tópico ou nome geográfico CERRADO
909 ## -
-- 202312
-- Lúcia Elande
-- 55
-- Lúcia Elande
942 ## - ELEMENTOS DE ENTRADA ADICIONADOS (KOHA)
Fonte da classificação ou esquema de arquivamento na estante Classificação AGRIS
Ocultar no OPAC Não
Tipo de material Koha Monografia Seriada
Exemplares
Situação do descarte Fonte da classificação ou esquema de arquivamento na estante Situação física Não pode ser emprestado Coleção Biblioteca de origem Biblioteca atual Localização na estante Total de empréstimos Número de telefone completo Código de barras Data de último acesso Tipo de material Koha Fonte de aquisição
  Classificação AGRIS       Biblioteca Nacional de Agricultura - Binagri Biblioteca Nacional de Agricultura - Binagri Agrobase - Acervo Geral   0336 BR8305400 0336 BR8305400 18/12/2023 Monografia Seriada Portaria Interministerial nº 164/94

BINAGRI

Telefone: (61)3218-2567/2388/3357/2097 - binagri@agro.gov.br

Ministério da Agricultura e Pecuária , Esplanada dos Ministérios, Bloco D, Anexo B, Brasília/DF, CEP: 70.043-900